Mansfield Park

Bibliographic Details
Main Author: Austen, Jane
Format: Book
Published: Leicester : Magna Books , 1992
Subjects:

MARC

LEADER 00000cam a2200000 7i4500
001 0000000958
002 000001066
005 20000330.0
020 |a 1854223577 
090 0 0 |a F   |b AUS 
100 1 |a Austen, Jane 
245 1 0 |a Mansfield Park   |c Jane Austen 
260 |a Leicester :   |b Magna Books ,   |c 1992 
300 |a 356 p. ;   |c 22 cm. 
650 0 0 |a Romance fiction 
999 |a 058812   |b BUKU   |c PINJAMAN   |e PERPUSTAKAAN KOMUNITI PETALING JAYA